300 prénoms féminins les plus populaires au Québec - 2024 - Statistiques

Statistiques générales
  • Ce quiz a été pris 596 fois
  • Le résultat moyen est 93 sur 300
Statistiques - réponses
Réponse % Correct
Lia
86%
Léa
83%
Anna
77%
Emma
74%
Juliette
72%
Lou
72%
Charlotte
69%
Alice
68%
Julia
68%
Chloé
67%
Rose
67%
Camille
65%
Maria
65%
Emilie
64%
Emily
64%
Justine
63%
Amélie
62%
Alicia
60%
Anne
60%
Gabrielle
60%
Jeanne
60%
Lucie
60%
Lucy
60%
Sara
60%
Florence
59%
Olivia
59%
Zoé
59%
Jade
58%
Sophie
58%
Clara
56%
Louise
56%
Eva
55%
Laura
55%
Mila
55%
Noémie
55%
Charlie
54%
Eve
54%
Lily
54%
Béa
53%
Ellie
53%
Léana
53%
Béatrice
51%
Clémence
51%
Laurence
51%
Lina
51%
Sarah
51%
Elisabeth
50%
Emy
50%
Sophia
50%
Coralie
49%
Amélia
47%
Elise
47%
Laurie
47%
Léanne
47%
Mia
47%
Anaïs
46%
Ella
46%
Mathilde
46%
Maya
46%
Rosalie
46%
Victoria
46%
Aurélie
45%
Céline
45%
Claire
45%
Elia
45%
Éloise
45%
Isabelle
45%
Lola
45%
Luna
45%
Maélie
45%
Maély
45%
Romie
45%
Romy
45%
Sofia
45%
Elie
44%
Adèle
42%
Lena
42%
Alexia
41%
Aria
41%
Elena
41%
Flora
41%
Maëlle
41%
Jasmine
40%
Marion
40%
Naomi
40%
Ariane
38%
Clémentine
38%
Elizabeth
38%
Élodie
38%
Léane
38%
Marine
38%
Léonie
37%
Liana
37%
Louane
37%
Maéva
37%
Marianne
37%
Ophélie
37%
Raphaëlle
37%
Romane
37%
Annabelle
36%
Lana
36%
Margot
36%
Marguerite
36%
Océanne
36%
Yasmine
36%
Adeline
35%
Agathe
35%
Ava
35%
Éléonore
35%
Émilia
35%
Frédérique
35%
Helena
35%
Liv
35%
Océane
35%
Delphine
33%
Inès
33%
Livia
33%
Louna
33%
Sam
33%
Emmanuelle
32%
Estelle
32%
Flavie
32%
Margaux
32%
Violet
32%
Alma
31%
Julianne
31%
Lara
31%
Lilia
31%
Lucia
31%
Nora
31%
Simone
31%
Abby
29%
Andréa
29%
Constance
29%
Eliane
29%
Iris
29%
Joséphine
29%
Théa
29%
Axelle
28%
Aya
28%
Blanche
28%
Daphné
28%
Esther
28%
Evelyn
28%
Mélodie
28%
Melody
28%
Rachel
28%
Célia
27%
Isabella
27%
Layla
27%
Madeleine
27%
Rosie
27%
Violette
27%
Abygaël
26%
Leila
26%
Lya
26%
Maxim
26%
Morgane
26%
Myriam
26%
Naomie
26%
Abigaël
24%
Abigail
24%
Camélia
24%
Cécilia
24%
Cléo
24%
Gabriella
24%
Lily-Rose
24%
Mya
24%
Noélie
24%
Ophélia
24%
Alyssa
23%
Anaëlle
23%
Billie
23%
Evelyne
23%
Magalie
23%
Marilou
23%
Adélie
22%
Alia
22%
Ariana
22%
Ariel
22%
Kayla
22%
Liliane
22%
Maïa
22%
Myla
22%
Noa
22%
Rebecca
22%
Selena
22%
Zoey
22%
Alexie
21%
Alina
21%
Alizée
21%
Alycia
21%
Arielle
21%
Eline
21%
Ivy
21%
Léa-Rose
21%
Lydia
21%
Madison
21%
Maïka
21%
Norah
21%
Nour
21%
Olive
21%
Pénélope
21%
Stella
21%
Amaya
19%
Arya
19%
Dahlia
19%
Dalia
19%
Eliana
19%
Floralie
19%
Hannah
19%
Madeline
19%
Nellie
19%
Nelly
19%
Samuelle
19%
Talia
19%
Adriana
18%
Esmée
18%
Juliana
18%
Kiara
18%
Leïa
18%
Lexie
18%
Maxime
18%
Ollie
18%
Serena
18%
Abigaëlle
17%
Adélia
17%
Alya
17%
Amina
17%
Ayla
17%
Céleste
17%
Eleanor
17%
Elya
17%
Lyana
17%
Lyanna
17%
Lyvia
17%
Olie
17%
Rafaelle
17%
Ruby
17%
Valentina
17%
Ashley
15%
Camila
15%
Elsie
15%
Emma-Rose
15%
Eugénie
15%
Gisèle
15%
Lauralie
15%
Phoebe
15%
Roseline
15%
Thalia
15%
Adaline
14%
Aïcha
14%
Alessia
14%
Elyana
14%
Everly
14%
Inaya
14%
Janna
14%
June
14%
Kenza
14%
Leah
14%
Malia
14%
Nova
14%
Viviane
14%
Aaliyah
13%
Abygaëlle
13%
Aliyah
13%
Anastasia
13%
Brianna
13%
Fatima
13%
Hailey
13%
Jana
13%
Maève
13%
Mariam
13%
Tessa
13%
Amira
12%
Anaya
12%
Athéna
12%
Eva-Rose
12%
Grace
12%
Hope
12%
Kaïa
12%
Khadija
12%
Kiana
12%
Madyson
12%
Millie
12%
Miriam
12%
Novalie
12%
Riley
12%
Sienna
12%
Willow
12%
Alaia
10%
Anya
10%
Blake
10%
Mackenzie
10%
Maryam
10%
Mikaëla
10%
Nayla
10%
Nelya
10%
Scarlett
10%
Yara
10%
Aucun quiz correspondant
Distribution des résultats
% des personnes avec chaque résultat
Percentile par nombre de réponses
Votre historique - résultats
Vous n’avez pas pris ce quiz